LIBRARY & INFORMATION CENTRE, KCAET, TAVANUR

ONLINE PUBLIC ACCESS CATALOGUE (OPAC)

Jalasechanam / (Record no. 4616)

MARC details
000 -LEADER
fixed length control field 00477cam a2200193ua 4500
041 ## - LANGUAGE CODE
Language code of text/sound track or separate title asm
082 ## - DEWEY DECIMAL CLASSIFICATION NUMBER
Classification number 631.587
Item number SUK/JA
100 ## - MAIN ENTRY--AUTHOR NAME
Personal name Sukumaran, Nair.
245 ## - TITLE STATEMENT
Title Jalasechanam /
260 ## - PUBLICATION, DISTRIBUTION, ETC. (IMPRINT)
Place of publication Thiruvananthapuram :
Name of publisher State Instititute of Languages ,
Year of publication 1976.
300 ## - PHYSICAL DESCRIPTION
Number of Pages ; .
942 ## - ADDED ENTRY ELEMENTS (KOHA)
Koha item type Books
Holdings
Withdrawn status Lost status Damaged status Home library Current library Date acquired Full call number Accession Number Koha item type
      KAUAET KAUAET 07/04/2012 631.587 14202 Books
      KAUAET KAUAET 07/04/2012 631.587 14206 Books
      KAUAET KAUAET 07/04/2012 631.587 14203 Books
      KAUAET KAUAET 26/10/2023 631.587 SUK/JA 14204 Books
Withdrawn     KAUAET KAUAET 17/11/2023 631.587 SUK/JA 14205 Books
free website counter